Normal view MARC view
  • Cuesta, Jorge,

Entry Nombre Personal

Number of records used in: 1

001 - NUMERO DE CONTROL

  • campo de control: 30664

003 - IDENTIFICADOR DE NUMERO DE CONTROL

  • campo de control: MX-MxUPN

005 - FECHA Y HORA DE LA ÜLTIMA TRANSACCIÓN

  • campo de control: 20230918121714.0

008 - DATOS DE LONGITUD FIJA

  • campo de control de longitud fija: 230918n||acnnnaabn | ana |d

035 ## - NUMERO DE CONTROL

  • Número de control: UPN11000002770

040 ## - FUENTE DE CATALOGACIÓN

  • Agencia original de catalogación: MX-MxUPN
  • Lenguaje de catalogación: spa
  • Agencia de transcripción: MX-MxUPN

053 ## - NÚMERO DE CLASIFICACIÓN LC

  • Número de clasificación elemento-número único o número inicial de tramo: PQ7297 C83

100 1# - ENCABEZAMIENTO - NOMBRE PERSONAL

  • Nombre personal: Cuesta, Jorge,
  • Fechas asociadas con el nombre: 1903-1941

670 ## - FUENTE EN LA QUE SE LOCALIZARON DATOS

  • Cita de la fuente: Sonetos, 1987:
  • Información localizada: portada (Jorge Cuesta)

902 ## - CATALOGADOR

  • Catalogador: CAA/130111